Top 20 Greatest Wide Receiver Duos of All Time - Statistics

General Stats
  • This quiz has been taken 58 times
  • The average score is 17 of 39
Answer Stats
Rank Team Years Answer % Correct
Julio Jones
96%
10. 49ers 1996-2000 Jerry Rice
87%
6. Colts 2001-2008 Marvin Harrison
87%
3. Vikings 1998-2001 Randy Moss
87%
16. Cardinals 2004-2009 Larry Fitzgerald
76%
Cris Carter
74%
Reggie Wayne
74%
Torry Holt
67%
13. Jaguars 1996-2001 Jimmy Smith
65%
17. Broncos 1995-2003 Rod Smith
65%
7. Rams 1999-2007 Isaac Bruce
63%
Terrell Owens
63%
Anquan Boldin
59%
20. Falcons 2011-2015 Roddy White
57%
12. Bills 1989-1992 Andre Reed
52%
15. Packers 2006-2012 Donald Driver
50%
2. Steelers 1974-1982 Lynn Swann
50%
4. Dolphins 1983-1992 Mark Clayton
48%
Mark Duper
43%
18. Redskins 1985-1992 Art Monk
39%
19. Cowboys 1977-1983 Drew Pearson
35%
Gary Clark
35%
John Stallworth
35%
5. Raiders 1972-1978 Fred Biletnikoff
33%
Greg Jennings
33%
John Taylor
30%
Cliff Branch
26%
11. Chargers 1978-1980 Charlie Joiner
24%
9. Jets 1965-1970 Don Maynard
24%
Ed McCaffrey
22%
14. Rams 1988-1993 Henry Ellard
22%
Keenan McCardell
22%
Elroy Hirsch
17%
James Lofton
17%
Tony Hill
17%
Flipper Anderson
13%
John Jefferson
11%
George Sauer
4%
8. Rams 1949-1956 Tom Fears
0%
No matching quizzes found
Score Distribution
Percent of People with Each Score
Percentile by Number Answered
Your Score History
You have not taken this quiz